000 00242nam a22001097a 4500
082 _a3335 POL
100 _aKozlov A. G
245 _aPolitical Economy:Socialism
260 _amoscow
_bprogress
_c1977
300 _a487p
_bill.;20CM
942 _cBK
999 _c19126
_d19126